[Event "BCF-ch U14"]
[Site "Coventry"]
[Date "2015.08.02"]
[Round "1"]
[White "Brown, Tom"]
[Black "Wen, Jackson"]
[Result "1-0"]
[WhiteElo "1480"]
[BlackElo "1688"]
[PlyCount "85"]
[EventDate "2015.08.02"]
[EventType "swiss"]
[EventRounds "7"]
[EventCountry "ENG"]
[SourceTitle "CBM 167 Extra"]
[Source "ChessBase"]
[SourceDate "2015.09.14"]
[SourceVersion "1"]
[SourceVersionDate "2015.09.14"]
[SourceQuality "1"]

1. d4 b6 2. c4 Bb7 3. Nf3 e6 4. a3 Nf6 5. Nc3 d5 6. Bg5 Be7 7. e3 Nc6 8. cxd5 Nxd5 9. Bxe7 Qxe7 10. Nxd5 exd5 11. Bd3 f6 12. Rc1 0-0 13. 0-0 f5 14. Qc2 g6 15. Bb5 Rf6 16. Rfe1 Rc8 17. Qa4 Qd6 18. Rc3 a6 19. Bxc6 Bxc6 20. Qxa6 Ra8 21. Qd3 Bb7 22. b4 h6 23. Ne5 g5 24. f4 Kg7 25. Rec1 Rc8 26. g3 g4 27. Kf2 c6 28. Qc2 Qe7 29. Qa4 Qe8 30. Kg1 h5 31. Kf2 h4 32. Rh1 Rh6 33. Rg1 hxg3+ 34. hxg3 Qh5 35. Qd1 Rch8 36. Rc1 Qe8 37. Rg2 R8h7 38. Qd3 Kf6 39. Rcg1 Qh8 40. Qf1 Qa8 41. Qd3 Ba6 42. Qc3 Bb5 43. Rc1 1-0

[Event "BCF-ch U14"]
[Site "Coventry"]
[Date "2015.08.02"]
[Round "2"]
[White "Wen, Jackson"]
[Black "Boswell, Jacob Connor"]
[Result "1/2-1/2"]
[WhiteElo "1688"]
[BlackElo "1558"]
[PlyCount "105"]
[EventDate "2015.08.02"]
[EventType "swiss"]
[EventRounds "7"]
[EventCountry "ENG"]
[SourceTitle "CBM 167 Extra"]
[Source "ChessBase"]
[SourceDate "2015.09.14"]
[SourceVersion "1"]
[SourceVersionDate "2015.09.14"]
[SourceQuality "1"]

1. e4 e5 2. Nc3 Nc6 3. Bc4 Nf6 4. f4 Nxe4 5. Bxf7+ Kxf7 6. Nxe4 exf4 7. Nf3 Be7 8. 0-0 d5 9. Nc3 Rf8 10. d4 Kg8 11. Ne2 Bd6 12. Ne1 Bg4 13. Nf3 Qe7 14. c3 Rae8 15. Rf2 Bxf3 16. gxf3 Nd8 17. Bd2 Ne6 18. Qc2 Rf6 19. Rg2 Rg6 20. Re1 Ng5 21. Qd3 Nh3+ 22. Kf1 Rxg2 23. Kxg2 Qg5+ 24. Kxh3 Re6 25. Ng3 Rxe1 26. Bxe1 fxg3 27. hxg3 Qc1 28. Qe2 Qh6+ 29. Kg2 Kf7 30. Qb5 Qe6 31. Bf2 b6 32. Qa6 h6 33. Qxa7 Qe2 34. Qa8 Qxb2 35. Qxd5+ Kf8 36. Qb3 Qxb3 37. axb3 Ba3 38. Be3 Bd6 39. f4 Kf7 40. Kf3 Kf6 41. g4 g6 42. b4 b5 43. d5 h5 44. Bd4+ Kf7 45. Be5 Ke7 46. gxh5 gxh5 47. Kg3 Kf7 48. Kf3 Kg6 49. Bxd6 cxd6 50. c4 bxc4 51. b5 c3 52. Ke2 c2 53. Kd2 1/2-1/2

[Event "Hampstead op U2200 07"]
[Site "Hampstead"]
[Date "2013.07.21"]
[Round "4"]
[White "Balouka Myers, Reuben"]
[Black "Wen, Jackson"]
[Result "1-0"]
[WhiteElo "1564"]
[BlackElo "1642"]
[PlyCount "147"]
[EventDate "2013.07.20"]
[EventType "swiss"]
[EventRounds "5"]
[EventCountry "ENG"]
[SourceTitle "EXT 2023"]
[Source "ChessBase"]
[SourceDate "2022.10.05"]
[SourceVersion "1"]
[SourceVersionDate "2022.10.05"]
[SourceQuality "1"]

1. e4 d6 2. d4 Nf6 3. Nc3 g6 4. f3 Bg7 5. Be3 0-0 6. Qd2 a6 7. g4 Nc6 8. Bc4 e5 9. h4 h5 10. gxh5 Nxh5 11. d5 Ne7 12. 0-0-0 b5 13. Bb3 f5 14. Nge2 f4 15. Bf2 Kh7 16. Ng1 Qe8 17. Nh3 Bxh3 18. Rxh3 a5 19. a4 b4 20. Nb5 Qc8 21. Rhh1 Rd8 22. Qd3 c5 23. dxc6 Nxc6 24. Bd5 Ra6 25. Bxc6 Qxc6 26. Nc7 Qxc7 27. Qxa6 b3 28. c3 Qd7 29. Qxa5 Ng3 30. Rh2 Rc8 31. Qb4 Rc7 32. Qxb3 Rb7 33. Qc4 Rc7 34. Qb4 Bf8 35. Qb3 Rb7 36. Qa2 Qc6 37. Rg2 Bh6 38. Kc2 Qa6 39. Rd2 Nf1 40. Rd3 Ng3 41. Bxg3 fxg3 42. Rxg3 Qb6 43. Rg2 Qc6 44. Qa3 Rd7 45. Qb4 Qa6 46. Qb5 Qa7 47. b3 Rb7 48. Qd5 Rd7 49. Qc6 Bf8 50. Qd5 Rg7 51. Qc6 Rc7 52. Qd5 Rg7 53. Qe6 Qc7 54. Qc4 Qa7 55. Qb5 Rb7 56. Qc4 Rc7 57. Qe6 Rg7 58. Qe8 Be7 59. Qc6 Bf8 60. b4 Qf7 61. Qd5 Qd7 62. Qb5 Qf7 63. Kb2 Qa7 64. a5 Be7 65. Qb6 Qd7 66. a6 Qa4 67. Qa5 Qxa5 68. bxa5 Bxh4 69. Rxd6 Be1 70. Rh2+ Kg8 71. Rd8+ Kf7 72. Rd7+ Kf6 73. Rxg7 Kxg7 74. a7 1-0

[Event "Hampstead op U2200 07"]
[Site "Hampstead"]
[Date "2013.07.20"]
[Round "2"]
[White "Oyama, Akito"]
[Black "Wen, Jackson"]
[Result "1-0"]
[WhiteElo "1966"]
[BlackElo "1642"]
[PlyCount "125"]
[EventDate "2013.07.20"]
[EventType "swiss"]
[EventRounds "5"]
[EventCountry "ENG"]
[SourceTitle "EXT 2023"]
[Source "ChessBase"]
[SourceDate "2022.10.05"]
[SourceVersion "1"]
[SourceVersionDate "2022.10.05"]
[SourceQuality "1"]

1. e4 d6 2. Nc3 Nf6 3. f4 g6 4. Nf3 Bg7 5. Bc4 Bg4 6. h3 Bd7 7. d4 0-0 8. 0-0 a6 9. a4 Nc6 10. e5 Ne8 11. Qe2 e6 12. g4 d5 13. Ba2 f6 14. Nxd5 fxe5 15. dxe5 Ne7 16. Nc3 c6 17. Nd4 Nd5 18. Nxd5 cxd5 19. Kh1 Nc7 20. c3 b5 21. a5 b4 22. c4 dxc4 23. Bxc4 Bc8 24. Be3 Bb7+ 25. Kh2 Bd5 26. Bxd5 Qxd5 27. Qg2 Qd7 28. Qc6 Qxc6 29. Nxc6 Nd5 30. Bd2 b3 31. Nb4 Nxb4 32. Bxb4 Rfe8 33. Rad1 Rac8 34. Bc3 h6 35. Rd6 Ra8 36. Rd7 Red8 37. Rfd1 Re8 38. Kg3 Bf8 39. f5 exf5 40. gxf5 gxf5 41. Kf4 Re7 42. Rg1+ Kh7 43. Rxe7+ Bxe7 44. Kxf5 Rf8+ 45. Ke6 Bg5 46. Rg4 Re8+ 47. Kd7 Re7+ 48. Kd6 Re8 49. h4 Be3 50. e6 h5 51. Rg7+ Kh6 52. Kd7 Ra8 53. e7 Bd4 54. Rg3 Ra7+ 55. Ke6 Rxe7+ 56. Kxe7 Bf2 57. Rh3 Bc5+ 58. Ke6 Bf8 59. Bf6 Bb4 60. Rxb3 Bxa5 61. Ra3 Be1 62. Rxa6 Bg3 63. b4 1-0